=LDR 00000nam 2200000 4500 =001 INLIS000000000006632 =005 20251112085431 =035 ##$$a 0010-1125000506 =007 ta =008 251112###########################0#ind## =082 ##$$a 363.96 =084 ##$$a 363.96 BAR j =100 #$$a Bar Suharto =245 1#$$a Jaringan Nasional Informasi dan Dokumentasi Bidang Keluarga Berencana/Kependudukan /$c Badan Koordinasi Keluarga Berencana Nasional =260 ##$$a Jakarta :$b Badan Koordinasi Keluarga Berencana Nasional,$c 1975 =300 ##$$a 8 Hal : $b Ilus ; $c 21 =650 #4$$a Keluarga Berencana =856 ##$$a Perpustakaan Kemendukbangga